000 00333nam a2200109Ia 4500
008 180205s9999 xx 000 0 und d
020 _a9715552897
100 _aBisa, Simplicio P.
245 _aRetorika :
_bpara sa mabisa at masining na pagsulat
260 _aMalate City
_bDe La Salle University Press
_c1999
300 _aiv, 198 pages
999 _c354686
_d354686